[Event "Illinois op"]
[Site "Naperville"]
[Date "2024.08.31"]
[Round "3"]
[White "Das, Debarghya"]
[Black "Velikanov, Alexander"]
[Result "0-1"]
[WhiteElo "1858"]
[BlackElo "2387"]
[PlyCount "34"]
[EventDate "2024.08.30"]
[EventType "swiss"]
[EventRounds "7"]
[EventCountry "USA"]
[SourceTitle "EXT 2025"]
[Source "ChessBase"]
[SourceDate "2024.10.14"]
[SourceVersion "1"]
[SourceVersionDate "2024.10.14"]
[SourceQuality "1"]

1. d4 Nf6 2. c4 a6 3. Nc3 c5 4. d5 b5 5. cxb5 axb5 6. Nxb5 Qa5+ 7. Nc3 Ne4 8. Qc2 f5 9. f3 Nxc3 10. Qxc3 Qxc3+ 11. bxc3 g6 12. e4 Bg7 13. Kd2 0-0 14. a4 fxe4 15. fxe4 Rxf1 16. Kc2 d6 17. Kb3 Nd7 0-1